000 00379nam a2200145 i 4500
001 bg
100 1 _aNOBIS, Bronisław
245 0 _aEksploatacja sieci elektroenergetycznych w pytaniach i odpowiedziach /
_cB. Nobis.
250 _aWyd.3 zmien.i uzup.
260 _aWarszawa,
_c1976.
040 _cBPK
041 _apol
942 _cKS
008 s pl f |000 0 pol
999 _c502
_d502
856 _uhttp://koha.tu.koszalin.pl/cgi-bin/koha/opac-detail.pl?biblionumber=502
_yKatalog online BPK